| 000 | 00396nam a22001337a 4500 | ||
|---|---|---|---|
| 082 |
_a621.952 _bSAN _cL-24, P-2 |
||
| 100 |
_aCoromant, Sandvik _942030 |
||
| 245 |
_aPocket book of drill steel equipment _cSandvik Coromant |
||
| 260 |
_aSweeden _bThe Sandvik Steel Works Co, Limited _c1965 |
||
| 300 | _a71.p: | ||
| 526 |
_a0 _b0 _c0 _d621_952000000000000_SAN |
||
| 650 |
_aMCE _9379 |
||
| 942 |
_2ddc _cBK |
||
| 999 |
_c546033 _d546033 |
||